Nationaliser. Quels groupes? Pourquoi? Comment?
Сохранить в:
| Главный автор: | |
|---|---|
| Формат: | |
| Язык: | Undetermined |
| Опубликовано: |
Paris
Éditions sociales
1974
|
| Предметы: | |
| Метки: |
Добавить метку
Нет меток, Требуется 1-ая метка записи!
|
| Thư viện lưu trữ: | Trung tâm Học liệu Trường Đại học Cần Thơ |
|---|
| LEADER | 00561nam a2200193Ia 4500 | ||
|---|---|---|---|
| 001 | CTU_191450 | ||
| 008 | 210402s9999 xx 000 0 und d | ||
| 082 | |a 338.944 | ||
| 082 | |b M313 | ||
| 100 | |a Marc Dupuis | ||
| 245 | 0 | |a Nationaliser. Quels groupes? Pourquoi? Comment? | |
| 245 | 0 | |c Marc Dupuis | |
| 260 | |a Paris | ||
| 260 | |b Éditions sociales | ||
| 260 | |c 1974 | ||
| 650 | |a Government ownership,Sở hữu nhà nước | ||
| 650 | |z France,Nước Pháp | ||
| 904 | |i Qhieu | ||
| 980 | |a Trung tâm Học liệu Trường Đại học Cần Thơ | ||